Statystyki dla Nazwy linii lotniczych

Kliknij tutaj aby rozwiązać quiz!

Ogólne statystyki

  • Ten quiz został rozwiązany 60 razy
  • Średni wynik to 9 z 20

Statystyki odpowiedzi

Odpowiedź% Poprawnych
Lufthansa
88%
Air Canada
87%
KLM
77%
Ryanair
77%
Emirates
67%
Qantas
60%
Turkish Airlines
58%
Alitalia
56%
American Airlines
54%
British Airways
52%
Korean Air
52%
Iberia
37%
Thai Airways
35%
Aer Lingus
31%
Air New Zealand
27%
Japan Airlines
27%
South African Airways
21%
Air China
17%
Swiss International
15%
Southwest
12%

Rozkład punktacji

Percentyl według liczby udzielonych odpowiedzi

Procent ludzi z każdym wynikiem

Twoja historia wyników

Nie rozwiązałeś tego quizu